000 00285nam a22001337a 4500
082 _a894.812
_bFIL/O
100 _aCMC, PHILEMIN
245 _aORU UNNATHUPATTUPOLE
250 _aTHIRD
260 _aALUVA
_bFIDELIS C M C
_c2001
300 _a112
650 _aSTORY
_zKERALA
942 _cBK
999 _c1622
_d1622